Kraje tracące najwięcej ludności do 2070 r - Statystyki

Ogólne statystyki
  • Ten quiz został rozwiązany 89 razy
  • Średni wynik to 11 z 20
Statystyki odpowiedzi
Strata % Country % Poprawnych
9.05 mln 24 Polska
94%
181 mln 13 Chiny
91%
16.7 mln 11 Rosja
90%
7.32 mln 8.7 Niemcy
89%
14.0 mln 32 Ukraina
78%
36.0 mln 28 Japonia
76%
8.73 mln 19 Hiszpania
70%
13.6 mln 23 Włochy
67%
12.7 mln 25 Korea Południowa
56%
2.67 mln 26 Grecja
54%
1.44 mln 15 Białoruś
53%
2.23 mln 22 Portugalia
52%
5.11 mln 27 Rumunia
52%
2.00 mln 21 Węgry
48%
2.87 mln 33 Serbia
44%
2.46 mln 25 Bułgaria
37%
12.5 mln 18 Tajlandia
24%
4.30 mln 18 Tajwan
16%
2.71 mln 24 Kuba
9%
1.57 mln 7.3 Sri Lanka
3%
Nie znaleziono quizów pasujących do podanych kryteriów
Rozkład punktacji
Procent ludzi z każdym wynikiem
Percentyl według liczby udzielonych odpowiedzi
Twoja historia wyników
Nie rozwiązałeś tego quizu